00863cam a22002531 4500001001300000003000400013005001700017008004100034010001700075035001900092040005900111042001200170050002300182051001600205100004800221245006900269260004900338300005500387490005100442500005000493504003200543650001700575999001700592gs 28000048 DLC20260227111332.0771207s1927 dcuaf b 000 0 eng c ags 28000048  a(OCoLC)3469366 aLibrary, U. S. Geological SurveycCCCdCCCdOCoLCdDLC apremarc00aTC801b.U2 no. 577 aGB1005b.M41 aMeinzer, O. E.q(Oscar Edward),d1876-1948.10aPlants as indicators of ground water /cby Oscar Edward Meinzer. aWashington :bU.S. Govt. Print. Off.,c1927. av, 95 p. :bincl. illus., tables, 12 pl. ;c23 cm.0 aU. S. Geoloical survey. Water-supply paper 577 aAt head of title: Department of the Interior. aBibliographical foot-notes. 0aGroundwater. c26612d26612